<?xml version="1.0" encoding="UTF-8"?>
<record
    xmlns:xsi="http://www.w3.org/2001/XMLSchema-instance"
    xsi:schemaLocation="http://www.loc.gov/MARC21/slim http://www.loc.gov/standards/marcxml/schema/MARC21slim.xsd"
    xmlns="http://www.loc.gov/MARC21/slim">

  <leader>00379nam a2200145Ia 4500</leader>
  <datafield tag="999" ind1=" " ind2=" ">
    <subfield code="c">10772</subfield>
    <subfield code="d">10772</subfield>
  </datafield>
  <controlfield tag="008">191201s2011    xx            000 0 und d</controlfield>
  <datafield tag="082" ind1=" " ind2=" ">
    <subfield code="a">330.954</subfield>
    <subfield code="b">DHI</subfield>
  </datafield>
  <datafield tag="100" ind1=" " ind2=" ">
    <subfield code="a">DHINGRA, Ishwar C.</subfield>
  </datafield>
  <datafield tag="245" ind1=" " ind2="0">
    <subfield code="a">The Indian Economy : Environment and Policy</subfield>
  </datafield>
  <datafield tag="250" ind1=" " ind2=" ">
    <subfield code="a">30th</subfield>
  </datafield>
  <datafield tag="260" ind1=" " ind2=" ">
    <subfield code="a">New Delhi</subfield>
    <subfield code="b">S Chand and Sons</subfield>
    <subfield code="c">2021</subfield>
  </datafield>
  <datafield tag="300" ind1=" " ind2=" ">
    <subfield code="a">862</subfield>
  </datafield>
  <datafield tag="650" ind1=" " ind2=" ">
    <subfield code="a">BA Economics</subfield>
  </datafield>
  <datafield tag="942" ind1=" " ind2=" ">
    <subfield code="2">ddc</subfield>
    <subfield code="c">BK</subfield>
    <subfield code="0">2</subfield>
  </datafield>
  <datafield tag="952" ind1=" " ind2=" ">
    <subfield code="0">0</subfield>
    <subfield code="1">0</subfield>
    <subfield code="2">ddc</subfield>
    <subfield code="4">0</subfield>
    <subfield code="7">0</subfield>
    <subfield code="8">BAECO</subfield>
    <subfield code="a">PIETNCR</subfield>
    <subfield code="b">PIETNCR</subfield>
    <subfield code="d">2021-07-15</subfield>
    <subfield code="e">Kirti Prakashan</subfield>
    <subfield code="f">IN Rupees</subfield>
    <subfield code="g">680.00</subfield>
    <subfield code="k">IN2265</subfield>
    <subfield code="l">0</subfield>
    <subfield code="o">330.954 DHI</subfield>
    <subfield code="p">N1320</subfield>
    <subfield code="r">2021-08-03 00:00:00</subfield>
    <subfield code="v">557.60</subfield>
    <subfield code="w">2021-07-15</subfield>
    <subfield code="y">BK</subfield>
  </datafield>
  <datafield tag="952" ind1=" " ind2=" ">
    <subfield code="0">0</subfield>
    <subfield code="1">0</subfield>
    <subfield code="2">ddc</subfield>
    <subfield code="4">0</subfield>
    <subfield code="7">0</subfield>
    <subfield code="8">BAECO</subfield>
    <subfield code="a">PIETNCR</subfield>
    <subfield code="b">PIETNCR</subfield>
    <subfield code="d">2021-07-15</subfield>
    <subfield code="e">Kirti Prakashan</subfield>
    <subfield code="f">IN Rupees</subfield>
    <subfield code="g">680.00</subfield>
    <subfield code="k">IN2265</subfield>
    <subfield code="l">1</subfield>
    <subfield code="o">330.954 DHI</subfield>
    <subfield code="p">N1321</subfield>
    <subfield code="r">2021-12-20 00:00:00</subfield>
    <subfield code="s">2021-12-06</subfield>
    <subfield code="v">557.60</subfield>
    <subfield code="w">2021-07-15</subfield>
    <subfield code="y">BK</subfield>
  </datafield>
  <datafield tag="952" ind1=" " ind2=" ">
    <subfield code="0">0</subfield>
    <subfield code="1">0</subfield>
    <subfield code="2">ddc</subfield>
    <subfield code="4">0</subfield>
    <subfield code="7">0</subfield>
    <subfield code="8">BAECO</subfield>
    <subfield code="a">PIETNCR</subfield>
    <subfield code="b">PIETNCR</subfield>
    <subfield code="d">2021-07-15</subfield>
    <subfield code="e">Kirti Prakashan</subfield>
    <subfield code="f">IN Rupees</subfield>
    <subfield code="g">680.00</subfield>
    <subfield code="k">IN2265</subfield>
    <subfield code="l">1</subfield>
    <subfield code="o">330.954 DHI</subfield>
    <subfield code="p">N1322</subfield>
    <subfield code="r">2023-03-02 00:00:00</subfield>
    <subfield code="s">2021-08-19</subfield>
    <subfield code="v">557.60</subfield>
    <subfield code="w">2021-07-15</subfield>
    <subfield code="y">BK</subfield>
  </datafield>
  <datafield tag="952" ind1=" " ind2=" ">
    <subfield code="0">0</subfield>
    <subfield code="1">0</subfield>
    <subfield code="2">ddc</subfield>
    <subfield code="4">0</subfield>
    <subfield code="7">0</subfield>
    <subfield code="8">BAECO</subfield>
    <subfield code="a">PIETNCR</subfield>
    <subfield code="b">PIETNCR</subfield>
    <subfield code="d">2021-07-15</subfield>
    <subfield code="e">Kirti Prakashan</subfield>
    <subfield code="f">IN Rupees</subfield>
    <subfield code="g">680.00</subfield>
    <subfield code="k">IN2265</subfield>
    <subfield code="l">0</subfield>
    <subfield code="o">330.954 DHI</subfield>
    <subfield code="p">N1323</subfield>
    <subfield code="r">2021-08-03 00:00:00</subfield>
    <subfield code="v">557.60</subfield>
    <subfield code="w">2021-07-15</subfield>
    <subfield code="y">REF</subfield>
  </datafield>
</record>
